000 00976cab a2200253 4500
001 WB3519-16
008 090401t1999 xxu||||| |||| 00| 0 eng d
035 _a(Sirsi) u93419
041 _aeng
245 _aGlasgow office rental market
260 _c1999
350 _a0
490 _aScotsman
_v18 May 1999, 29(1)
520 _aTwo reports on the Glasgow office rental market offer contrasting views of the current situation, with Richard Ellis St Quintin arguing that a lack of supply is pushing rents up, and Lambert Smith Hampton suggesting that confidence is still subdued and rents well below previous levels.
650 _aGLASGOW
650 _aLAMBERT SMITH HAMPTON
650 _aPROPERTY-COMMERCIAL PROPERTY-OFFICE PROPERTY-OFFICE PROPERTY MARKET
650 _aOFFICE RENTS
650 _aRENTAL LEVELS
650 _aRICHARD ELLIS ST QUINTIN
690 _aPROPERTY-COMMERCIAL PROPERTY-COMMERCIAL PROPERTY MARKET
942 _n0
948 _c19/05/1999
999 _c59204
_d59204